| 000 | 00772nac a22002657a 4500 | ||
|---|---|---|---|
| 001 | BR8104833 | ||
| 003 | BR-BrBNA | ||
| 005 | 20240105115042.0 | ||
| 008 | 230509b bl.|||m| |||| 00| 0 por d | ||
| 040 |
_aBR-BrBNA _bpor _cBiblioteca Nacional de Agricultura |
||
| 072 | _aP05 | ||
| 090 | _aP05 BR8104833 | ||
| 110 | 1 |
_aMinisterio das Minas e Energia, Brasilia, DF (Brasil) _97081 |
|
| 245 | 1 | _aBalanco energetico Nacional, 1981 [Brasil] | |
| 260 | 3 |
_aBrasilia, DF (Brasil): _c1981. |
|
| 300 | _a72 p. | ||
| 490 |
_aBalanco Energetico Nacional (Brazil) _v _x |
||
| 500 | _aNumerical data | ||
| 650 | _aENERGIA | ||
| 650 | _aCONSUMO | ||
| 650 | _aEXPORTACAO | ||
| 650 | _aIMPORTACAO | ||
| 909 |
_a202312 _bLúcia Elande _c55 _dLúcia Elande |
||
| 942 |
_2AGRIS _n0 _cMS |
||
| 999 |
_c272775 _d272775 |
||